000 00400nam a2200133Ia 4500
005 20260326235439.0
008 260326s9999||||xx |||||||||||||| ||und||
100 _aArtigas, Juan Benito
245 0 _aMetztitlan, Hidalgo :
_b Arquitectura del Siglo XVI /
_cJuan Benito Artigas
260 _bUniversidad Nacional Autónoma de México
300 _a188 p.
650 _aARQUITECTURA REGIONAL
942 _cBK
999 _c7334
_d7334